| 000 | 00592caa a22001812a 4500 | ||
|---|---|---|---|
| 001 | 011091 | ||
| 003 | AR-FADEU | ||
| 008 | 311216n########xxu####################dd | ||
| 092 |
_a808.831 _bA243n |
||
| 100 | _aHartley, L. P. | ||
| 245 | _aA high dive | ||
| 300 | _aPP. 1-5 | ||
| 500 | _aEn: Nothing to fear : and other stories / Adrian-Vallance, D'Arcy. Harlow : Longman, 1985 | ||
| 650 | _a/REVISADO/ | ||
| 546 | _aInglés | ||
| 942 | _cBDGR | ||
| 999 |
_c16871 _d16871 |
||
| 773 | 0 |
_016870 _917079 _aAdrian-Vallance, D'Arcy _b _dHarlow _o0926 _tNothing to fear : and other stories _w( AR-FADEU) 011090 _x _z0-582-53109-8 |
|